000 00649cam a2200241 4500500
005 20260405000934.0
041 _afre
042 _adc
100 1 0 _aChevallier, Philippe
_eauthor
245 0 0 _aAu risque de la vérité
260 _c2010.
500 _a93
690 _aFolie
690 _aMichel Foucault
690 _aPlaisir
690 _aPouvoir
690 _aPrison
690 _aRaison
690 _aSavoir
690 _aVrai
786 0 _nPhilosophie magazine | 40 | 6 | 2010-06-01 | p. 33-34 | 1951-1787
856 4 1 _uhttps://shs.cairn.info/magazine-philosophie-magazine-2010-6-page-33?lang=fr&redirect-ssocas=7080
999 _c2042378
_d2042378